000 00714nam a22002417a 4500
003 UA-OsUOA
001 54130
007 ta
008 20160708b un ||||| |||| 00| 0 ukr d
100 _aВоскобійник М.
090 _a82-94
_bВ76
942 _cBK
040 _aUA-OsUOA
_bukr
_cUA-OsUOA
_dUA-OsUOA
245 _aПовість моїх літ
_bПубліци. спогади
300 _a342 с.
955 _a4
041 _aukr
080 _a82-94
260 _aК.
_bВУС
_c2000
650 7 _a82 Література. Літературознавство
_2UDC
999 _c434248
_d434248